| 000 | 01110cam a2200229 4500 | ||
|---|---|---|---|
| 001 | ##L134978 | ||
| 008 | 060914n2006 000 0 eng u | ||
| 035 | _a(Sirsi) u134978 | ||
| 041 | 0 | _aeng | |
| 050 | 0 | 4 | _a333.33 $2 18 |
| 110 | 2 |
_aChartered Institute of Housing _92394 |
|
| 245 | 0 | 0 |
_aYoung working and still homeless _bhousing market affordability in Wales in 2005 |
| 260 |
_aCardiff _bCIH Cymru _c2006 |
||
| 490 | 0 |
_aCIH Cymru Key Information _v(5) September 2006 |
|
| 520 | _aSuggests that affordability in Wales is still getting worse, with mortgage cost to income ratios very close to their previous peak in 1990. Gives average house price to income ratios for each local authority area in Wales and sets out the amount of younger working households that cannot afford to purchase a property. Tables. | ||
| 590 | _aIKA190906, KA | ||
| 650 | 2 | 4 |
_aAffordable housing _96215 |
| 651 | 4 |
_aWales _y1998-2007 |
|
| 690 | _aPROPERTY-RESIDENTIAL PROPERTY-RESIDENTIAL PROPERTY MARKET | ||
| 856 | 4 | 0 |
_uhttps://www.cih.org/cymru/policy/key5.htm _zView the item free of charge at www.cih.org... |
| 942 | _n0 | ||
| 999 |
_c105874 _d105874 |
||